| 000 | 00606 a2200217 4500 | ||
|---|---|---|---|
| 005 | 20260313120116.0 | ||
| 008 | 260312b |||||||| |||| 00| 0 eng d | ||
| 020 |
_a9780367242299 _cRs. 1595.00 |
||
| 040 | _aMAIN | ||
| 082 |
_a658.87 _bB831I |
||
| 100 | _aBruce, Margaret, ed. | ||
| 245 | _aInternational retail marketing: A case study approach | ||
| 260 |
_bRoutledge _c2019 _aOxon |
||
| 300 | _axxvii, 250 | ||
| 650 | _aManagement | ||
| 650 | _aRetail Marketing | ||
| 650 | _aInernational Retailing | ||
| 700 | _aMoore, Christopher M, ed. | ||
| 700 | _aBirtwistle, Grete, ed. | ||
| 942 | _cBK | ||
| 999 |
_c396884 _d396884 |
||